Engelsk ordforråd - Verktøy på BA - Statistics

General Stats
  • This quiz has been taken 177 times
  • The average score is 7 of 16
Answer Stats
Hint Answer % Correct
Hammer Hammer
100%
Kniv Knife
100%
Blyant Pencil
94%
Skrutrekker Screwdriver
77%
Spikerpistol Nailgun
65%
Håndsag Hand saw
52%
Spiker Nails
52%
Bordsag Table saw
42%
Bor Drill
32%
Båndsag Band saw
26%
Målebånd Tape measure
26%
Sirkelsag Circular saw
19%
Vater Level
19%
Stikksag Jigsaw
16%
Kapp- og gjærsag Miter saw
13%
Vinkel Framing square
6%
No matching quizzes found
Score Distribution
Percent of People with Each Score
Percentile by Number Answered
Your Score History
You have not taken this quiz